000 01045nam a2200265Ia 4500
999 _c49609
_d49609
001 16541
003 GE_BSU
005 20221021143505.0
008 181216s2010||||ge |||||||||||||| ||geo||
020 _a9789941412035
040 _cGE_BSU
041 _ageo
080 _a2+330.1 ც-51
100 _aცეცხლაძე, მურმან
_910750
245 _aრელიგია და ეკონომიკა :
_b[მონოგრაფია] /
_c მურმან ცეცხლაძე ; [რედ. ასლან მახაძე].
264 _aბათუმი
_bშოთა რუსთაველის სახელმწ. უნ-ტი
_c2010
300 _a264 გვ.;
_b20 სმ.
300 _e.
504 _aბიბლიოგრ.: გვ. 260-261
520 _aრეზ. ინგლ.
541 _h12ლ.
653 _aრელიგია და ეკონომიკა
700 _aმახაძე, ასლან
_eრედაქტორი
_913027
942 _cBK
_2udc